| 000 | 00936cam a22002415a 4500 | ||
|---|---|---|---|
| 001 | L149009 | ||
| 008 | 091214s2009 xxk f 000 0 eng d | ||
| 020 | _a9780952413196 | ||
| 035 | _a(Sirsi) u149009 | ||
| 041 | 0 | _aeng | |
| 050 | 0 | 4 | _a725.23 $2 18 |
| 110 | 2 |
_aBritish Council for Offices _93992 |
|
| 245 | 0 | 0 |
_aGuide to specification _b2009 |
| 260 |
_aLondon _bBCO _c2009 |
||
| 300 |
_a263p. _c23cm |
||
| 350 | _a155 | ||
| 505 | 2 | _aDrivers for changes -- Site issues -- Building form -- Sustainability -- Envelope -- Engineering -- Vertical transportation -- Acoustics -- Finishes, fit-out and building completion -- Appendices | |
| 520 | _aThis book explains the guide to specification of British office buildings that reflect the current changes in office space, design and climate change. | ||
| 590 | _aKA | ||
| 651 | 4 |
_aUnited Kingdom _y |
|
| 690 | _aPROPERTY-COMMERCIAL PROPERTY-OFFICE PROPERTY-OFFICES | ||
| 942 | _n0 | ||
| 999 |
_c110331 _d110331 |
||